[Event "Steyr Landesliga 1112"]
[Site "Austria"]
[Date "2012.01.21"]
[Round "7.5"]
[White "Raith, Heimo"]
[Black "Kravanja, Georg"]
[Result "0-1"]
[WhiteElo "2086"]
[BlackElo "2104"]
[PlyCount "110"]
[EventDate "2011.09.24"]
[EventType "team-tourn"]
[EventRounds "11"]
[EventCountry "AUT"]
[SourceTitle "EXT 2013"]
[Source "ChessBase"]
[SourceDate "2012.11.22"]
[SourceVersion "1"]
[SourceVersionDate "2012.11.22"]
[SourceQuality "1"]
[WhiteTeam "Weiz"]
[BlackTeam "Graz Schachfreunde"]
[WhiteTeamCountry "AUT"]
[BlackTeamCountry "AUT"]

1. c4 Nf6 2. Nc3 g6 3. e4 d6 4. d4 Bg7 5. Nf3 Nbd7 6. Be2 e5 7. 0-0 0-0 8. Bg5 h6 9. Bh4 g5 10. Bg3 Nh5 11. dxe5 Nxg3 12. fxg3 Nxe5 13. Nd4 Be6 14. b3 Nc6 15. Nxc6 bxc6 16. Rc1 f5 17. exf5 Bxf5 18. g4 Bg6 19. Rxf8+ Qxf8 20. Bf3 Qe8 21. Qd2 Rd8 22. Re1 Qd7 23. Rd1 Re8 24. Re1 Bd4+ 25. Kh1 Rxe1+ 26. Qxe1 Qe8 27. Qxe8+ Bxe8 28. Ne2 Bf2 29. Nc1 c5 30. Be4 Kg7 31. g3 Bd7 32. Bf3 Kf6 33. Kg2 Bd4 34. Nd3 c6 35. Be4 Bxg4 36. Bxc6 Bf5 37. Nf2 Ke5 38. Bf3 Bxf2 39. Kxf2 Kd4 40. Bd1 a5 41. h4 Bb1 42. a3 Be4 43. hxg5 hxg5 44. Ke2 Kc3 45. Ke3 Bg6 46. g4 Bb1 47. a4 Bg6 48. Ke2 Bc2 49. Bxc2 Kxc2 50. Ke3 Kxb3 51. Ke4 Kxc4 52. Kf5 d5 53. Kxg5 d4 54. Kf6 d3 55. g5 d2 0-1

[Event "Steyr Landesliga 1112"]
[Site "Austria"]
[Date "2011.10.15"]
[Round "3.5"]
[White "Raith, Heimo"]
[Black "Wurm, Christoph"]
[Result "1/2-1/2"]
[WhiteElo "2086"]
[BlackElo "2083"]
[PlyCount "33"]
[EventDate "2011.09.24"]
[EventType "team-tourn"]
[EventRounds "11"]
[EventCountry "AUT"]
[SourceTitle "EXT 2013"]
[Source "ChessBase"]
[SourceDate "2012.11.22"]
[SourceVersion "1"]
[SourceVersionDate "2012.11.22"]
[SourceQuality "1"]
[WhiteTeam "Weiz"]
[BlackTeam "Leoben"]
[WhiteTeamCountry "AUT"]
[BlackTeamCountry "AUT"]

1. c4 e6 2. d4 d5 3. e3 c6 4. Nf3 f5 5. Be2 Nf6 6. 0-0 Bd6 7. Ne5 0-0 8. f4 Nbd7 9. Nc3 Ne4 10. Nxe4 fxe4 11. Bd2 Nxe5 12. fxe5 Rxf1+ 13. Qxf1 Be7 14. c5 Bd7 15. b4 b6 16. a3 Rb8 17. Qc1 1/2-1/2

[Event "Weiz op 10th"]
[Site "Weiz"]
[Date "2011.04.08"]
[Round "2"]
[White "Raith, Heimo"]
[Black "Winiwarter, Felix"]
[Result "0-1"]
[WhiteElo "2103"]
[BlackElo "2174"]
[PlyCount "128"]
[EventDate "2011.04.07"]
[EventType "swiss"]
[EventRounds "5"]
[EventCountry "AUT"]
[SourceTitle "CBM 141 Extra"]
[Source "ChessBase"]
[SourceDate "2011.05.03"]
[SourceVersion "1"]
[SourceVersionDate "2011.05.03"]
[SourceQuality "1"]

1. c4 Nf6 2. Nc3 g6 3. d4 Bg7 4. e4 d6 5. h3 0-0 6. Nf3 e5 7. d5 a5 8. Bg5 Na6 9. Bd3 Nc5 10. Bc2 h6 11. Be3 Nh5 12. Qd2 Nf4 13. 0-0-0 Nxg2 14. Bxh6 Qf6 15. Ne1 Bxh6 16. Qxh6 Qf4+ 17. Qxf4 Nxf4 18. h4 Kg7 19. Nb5 Bd7 20. Kd2 Bxb5 21. cxb5 Rh8 22. Nf3 Kf6 23. Rh2 Ke7 24. Ke3 a4 25. b3 axb3 26. Bxb3 Ra5 27. Rb1 Rxb5 28. Bc2 Ra5 29. Bb3 b6 30. Rc1 Ra3 31. Rb1 Rha8 32. Nd2 R8a4 33. f3 Rd4 34. Rb2 Rd3+ 35. Kf2 Kd7 36. Kg3 Nxb3 37. Nxb3 Rd1 38. Rhd2 Rh1 39. Rh2 Rxh2 40. Rxh2 Nh5+ 41. Kg4 f6 42. Rc2 Ra4 43. Nd2 Nf4 44. Kg3 Ne2+ 45. Kf2 Nd4 46. Rb2 Ra3 47. Nb3 Ra4 48. Ke3 Rb4 49. Rb1 Ke7 50. Kf2 f5 51. Rg1 Nxb3 52. axb3 fxe4 53. Rxg6 exf3 54. h5 Kf7 55. Rg1 Rh4 56. Rc1 e4 57. Rxc7+ Kf6 58. Rc6 Ke5 59. Rxb6 Rxh5 60. Rb8 Rh2+ 61. Kg1 Rg2+ 62. Kf1 e3 63. Re8+ Kd4 64. b4 e2+ 0-1